000 01434nam0a22003251 4500
001 rc\1164065
005 20260406151600.0
021 _aRU
035 _a(NLR Aleph) 008763593
090 _a7880337
_c7880337
100 _a20041129d1980 |||y0rusy50 ca
101 1 _arus
_cfre
102 _aRU
105 _aa z||||||a|
200 1 _aКрасное и черное
_eхроника XIX в.
_eроман
_fпер. с фр. С. Боброва и М. Богословской
_g[примеч. Б. Реизова
_gхудож. Ю. Игнатьев]
210 _aМосква
_cХудожественная литература
_d1980
215 _a508 с.
_cил.
_d22
607 _aФранция
_xБыт и нравы
_z19 в.
_92073698
_3RU\NLR\AUTH\661248632
686 0 _aШ5(4Фр)52-644
_2rubbk
700 1 _7ca
_8rus
_aСтендаль
_f1783-1842
_3RU\NLR\AUTH\775430
_9115394
702 1 _aБогословская
_bМ. П.
_f1902-1974
_gМария Павловна
_4730
702 1 _4730
_8rus
_7ca
_aБобров
_bС. П.
_f1889-1971
_gСергей Павлович
_3RU\NLR\AUTH\77104689
_987614
702 1 _4212
_8rus
_7ca
_aРеизов
_bБ. Г.
_cфилолог
_f1902-1981
_gБорис Георгиевич
_3RU\NLR\AUTH\7799997
_982923
702 1 _aИгнатьев
_bЮ.
_4440
801 0 _aRU
_bNLR
_gpsbo
801 1 _aRU
_bELAR
_2rusmarc
801 2 _aRU
_bNLR
_c20111103
_2rusmarc
852 _aNLR
_j88-5/4016
942 _cBOOK
980 _aNB